[Event "TUR Cup"]
[Site "Denizli"]
[Date "2023.07.21"]
[Round "8"]
[White "Konusoglu, Kemal Safa"]
[Black "Sibli, Murat Yigit"]
[Result "0-1"]
[WhiteElo "1866"]
[BlackElo "1584"]
[PlyCount "138"]
[EventDate "2023.07.16"]
[EventType "team-tourn"]
[EventRounds "9"]
[EventCountry "TUR"]
[SourceTitle "CBM 215 Extra"]
[Source "ChessBase"]
[SourceDate "2023.09.30"]
[SourceVersion "1"]
[SourceVersionDate "2023.09.30"]
[SourceQuality "1"]

1. e4 c5 2. Nc3 d6 3. d3 Nf6 4. g3 Nc6 5. Bg2 g6 6. f4 Bg7 7. Nh3 Nd4 8. Nf2 Rb8 9. Be3 b5 10. 0-0 0-0 11. h3 Nd7 12. Qd2 Bb7 13. Ncd1 b4 14. c3 bxc3 15. bxc3 Nc6 16. f5 Re8 17. Ng4 Nce5 18. Nh6+ Bxh6 19. Bxh6 Nf6 20. Bg5 Rf8 21. Ne3 Qa5 22. Rf4 Qa6 23. c4 Qa3 24. Rd1 Ned7 25. Rdf1 Bc6 26. R4f2 Ne5 27. Rd1 Ned7 28. Qe2 Ba4 29. Rd2 Rb1+ 30. Kh2 Bc6 31. Nc2 Qa5 32. d4 cxd4 33. Nxd4 Bb7 34. Rf4 Rb6 35. Rh4 Qc3 36. Nb5 Qa5 37. Be3 Rc6 38. Nd4 Rcc8 39. Nb3 Qc7 40. Rc2 a5 41. a4 Bc6 42. Ra2 Bb7 43. Bd2 Ne5 44. c5 Ra8 45. cxd6 exd6 46. Bg5 Ned7 47. Nd4 Rfe8 48. Nb5 Qb8 49. Rd2 Ba6 50. Qd1 Bxb5 51. axb5 Nh5 52. Bf3 Ng7 53. Bf4 Ne5 54. Bxe5 dxe5 55. Rd7 Rd8 56. Qd5 Rxd7 57. Qxd7 Qd8 58. Qb7 Rb8 59. Qa6 Qb6 60. Qxb6 Rxb6 61. fxg6 hxg6 62. Be2 a4 63. Bc4 Ne8 64. g4 Nd6 65. Bd5 Rxb5 66. g5 a3 67. Rg4 Rb2+ 68. Kh1 Nb5 69. Rg3 a2 0-1

[Event "TUR-chT Clubs"]
[Site "Konya"]
[Date "2019.07.20"]
[Round "8.20"]
[White "Konusoglu, Kemal Safa"]
[Black "Adas, Anil"]
[Result "1-0"]
[WhiteElo "1800"]
[BlackElo "1542"]
[PlyCount "97"]
[EventDate "2019.07.16"]
[EventType "team-swiss"]
[EventRounds "9"]
[EventCountry "TUR"]
[SourceTitle "CBM 191 Extra"]
[Source "ChessBase"]
[SourceDate "2019.09.30"]
[SourceVersion "1"]
[SourceVersionDate "2019.09.30"]
[SourceQuality "1"]
[WhiteTeam "Koy Hizmetleri Kastamonu"]
[BlackTeam "Kadirli Savrun"]
[WhiteTeamCountry "TUR"]
[BlackTeamCountry "TUR"]

1. d4 Nf6 2. Bf4 e6 3. e3 b6 4. Nd2 Bb7 5. Ngf3 Be7 6. h3 0-0 7. Be2 d5 8. 0-0 Nbd7 9. Bd3 Ne4 10. Qe2 f5 11. Ne5 Nxe5 12. Bxe5 Bd6 13. Bxd6 Qxd6 14. Nf3 a5 15. Ne5 c5 16. c3 a4 17. a3 Nf6 18. Rac1 Nd7 19. Nxd7 Qxd7 20. Qf3 Rfc8 21. Kh1 Ba6 22. Bxa6 Rxa6 23. c4 g6 24. Rfd1 Ra5 25. cxd5 Qxd5 26. Qf4 c4 27. Qh4 Qd8 28. Qxd8+ Rxd8 29. Rxc4 Rb5 30. Rd2 Ra8 31. Rc7 Rb3 32. Kh2 Ra5 33. Kg3 Rab5 34. Rcc2 Kf7 35. Kf4 Kf6 36. Kf3 Kg5 37. g3 h6 38. Ke2 f4 39. exf4+ Kf5 40. Kd1 Ke4 41. Kc1 Rd5 42. Re2+ Kf3 43. Rxe6 g5 44. fxg5 hxg5 45. Rc3+ Kxf2 46. Rxb3 axb3 47. Rxb6 Kxg3 48. Rxb3+ Kg2 49. Rd3 1-0

[Event "TUR-chT Clubs"]
[Site "Konya"]
[Date "2019.07.19"]
[Round "6.11"]
[White "Konusoglu, Kemal Safa"]
[Black "Yalcin, Ozgun"]
[Result "1-0"]
[WhiteElo "1800"]
[BlackElo "1881"]
[PlyCount "71"]
[EventDate "2019.07.16"]
[EventType "team-swiss"]
[EventRounds "9"]
[EventCountry "TUR"]
[SourceTitle "CBM 191 Extra"]
[Source "ChessBase"]
[SourceDate "2019.09.30"]
[SourceVersion "1"]
[SourceVersionDate "2019.09.30"]
[SourceQuality "1"]
[WhiteTeam "Koy Hizmetleri Kastamonu"]
[BlackTeam "Afyonkarahisar Basari"]
[WhiteTeamCountry "TUR"]
[BlackTeamCountry "TUR"]

1. d4 Nf6 2. Bf4 g6 3. Nc3 d5 4. e3 Bg7 5. h4 h5 6. Nf3 0-0 7. Be2 c5 8. Nb5 Na6 9. c3 Bd7 10. a4 c4 11. b3 cxb3 12. Qxb3 Qa5 13. 0-0 Bg4 14. Bd3 Bxf3 15. gxf3 Rfc8 16. Rfc1 Qd8 17. c4 Qd7 18. Bg3 dxc4 19. Bxc4 Rf8 20. Rc2 Qf5 21. e4 Qd7 22. e5 Nh7 23. e6 Qd8 24. exf7+ Kh8 25. Re1 Bf6 26. Rce2 g5 27. Be5 e6 28. Bxf6+ Qxf6 29. Rxe6 Qf4 30. Re8 Rb8 31. Rxb8 Nxb8 32. Qc3 Qf6 33. Re6 Qg7 34. Bd3 Qxf7 35. Rh6 Qxf3 36. Rxh7+ 1-0

[Event "TUR-chT2"]
[Site "Konya"]
[Date "2018.07.13"]
[Round "6.28"]
[White "Konusoglu, Kemal Safa"]
[Black "Arslan, Tayfun"]
[Result "1-0"]
[WhiteElo "1607"]
[BlackElo "1426"]
[PlyCount "51"]
[EventDate "2018.07.10"]
[EventType "team-swiss"]
[EventRounds "9"]
[EventCountry "TUR"]
[SourceTitle "EXT 2019"]
[Source "ChessBase"]
[SourceDate "2018.10.10"]
[SourceVersion "1"]
[SourceVersionDate "2018.10.10"]
[SourceQuality "1"]
[WhiteTeam "Kastam Koy Hizmetleri"]
[BlackTeam "Atak Genclik Kirsehi"]
[WhiteTeamCountry "TUR"]
[BlackTeamCountry "TUR"]

1. d4 Nf6 2. Bf4 d5 3. e3 Bf5 4. Nf3 e6 5. c4 Bxb1 6. Rxb1 Bb4+ 7. Ke2 dxc4 8. Qa4+ Nc6 9. Ne5 Nd5 10. Nxc6 Qd7 11. Bg3 Qxc6 12. Qxc6+ bxc6 13. e4 Nf6 14. Ke3 0-0-0 15. Bxc4 c5 16. Ba6+ Kb8 17. dxc5 Bxc5+ 18. Kf3 Rd2 19. Rhc1 Bb6 20. a4 Nh5 21. a5 Bxa5 22. Rc5 Nxg3 23. Rxa5 Nxe4 24. Rb5+ Ka8 25. Bb7+ Kb8 26. Rb4 1-0

[Event "TUR-chT2"]
[Site "Konya"]
[Date "2017.07.12"]
[Round "6.20"]
[White "Konusoglu, Kemal Safa"]
[Black "Sener, Ata Yigit"]
[Result "1-0"]
[WhiteElo "1545"]
[BlackElo "1384"]
[PlyCount "81"]
[EventDate "2017.07.09"]
[EventType "team-swiss"]
[EventRounds "9"]
[EventCountry "TUR"]
[SourceTitle "CBM 179 Extra"]
[Source "ChessBase"]
[SourceDate "2017.08.23"]
[SourceVersion "1"]
[SourceVersionDate "2017.08.23"]
[SourceQuality "1"]
[WhiteTeam "Koy Hizmetleri Kastamonu"]
[BlackTeam "Burdur Belediyesi"]
[WhiteTeamCountry "TUR"]
[BlackTeamCountry "TUR"]

1. d4 Nf6 2. c4 e6 3. Nf3 Bb4+ 4. Nc3 Bxc3+ 5. bxc3 d6 6. e3 0-0 7. Bd3 Nc6 8. 0-0 Qe7 9. Qc2 e5 10. Nd2 h6 11. d5 Nb8 12. e4 Nh5 13. g3 Bh3 14. Re1 Nd7 15. Bf1 Bxf1 16. Rxf1 g5 17. Re1 Ng7 18. a4 f5 19. exf5 Rxf5 20. Ne4 Nf6 21. Be3 Ng4 22. Qb2 b6 23. a5 Nxe3 24. Rxe3 Raf8 25. axb6 axb6 26. Ra7 R8f7 27. Re2 Ne8 28. Qb1 Kg7 29. g4 Rf4 30. Ng3 Kh8 31. h3 Rxc4 32. Qg6 Qf6 33. Qd3 b5 34. Nh5 Qe7 35. Qg6 Qf8 36. Ra8 Rxc3 37. Rea2 Rc1+ 38. Kg2 Re7 39. Nf6 Qxf6 40. Qxf6+ Rg7 41. Rxe8+ 1-0

[Event "TUR-chT2"]
[Site "Konya"]
[Date "2017.07.10"]
[Round "3.12"]
[White "Konusoglu, Kemal Safa"]
[Black "Gonen, Mutlu"]
[Result "0-1"]
[WhiteElo "1545"]
[BlackElo "1656"]
[PlyCount "90"]
[EventDate "2017.07.09"]
[EventType "team-swiss"]
[EventRounds "9"]
[EventCountry "TUR"]
[SourceTitle "CBM 179 Extra"]
[Source "ChessBase"]
[SourceDate "2017.08.23"]
[SourceVersion "1"]
[SourceVersionDate "2017.08.23"]
[SourceQuality "1"]
[WhiteTeam "Koy Hizmetleri Kastamonu"]
[BlackTeam "Burhaniye"]
[WhiteTeamCountry "TUR"]
[BlackTeamCountry "TUR"]

1. d4 d5 2. Nf3 Nf6 3. c4 c6 4. Nc3 dxc4 5. a4 Bf5 6. e3 e6 7. Bxc4 Bb4 8. 0-0 Nbd7 9. Bd3 Bg6 10. Qe2 0-0 11. Bxg6 hxg6 12. e4 Qa5 13. e5 Nd5 14. Ne4 c5 15. dxc5 Nxc5 16. Nxc5 Bxc5 17. Rd1 Rfd8 18. Bg5 Be7 19. Bxe7 Nxe7 20. Qe4 Rxd1+ 21. Rxd1 Rd8 22. Rd6 Qc7 23. Rxd8+ Qxd8 24. Qd4 Qc7 25. h3 Nc6 26. Qc3 Qd7 27. Kh2 Qd5 28. b4 a6 29. Qc5 Qxc5 30. bxc5 Kf8 31. Kg3 Nb4 32. Nd4 Ke7 33. f4 Kd7 34. Kf3 Nd3 35. Nb3 Nb2 36. a5 Kc6 37. Ke4 Kb5 38. g4 Nc4 39. f5 gxf5+ 40. gxf5 exf5+ 41. Kxf5 Nxa5 42. Nd4+ Kxc5 43. e6 fxe6+ 44. Nxe6+ Kc4 45. Nc7 Nc6 0-1

[Event "TUR-chT2"]
[Site "Konya"]
[Date "2017.07.09"]
[Round "1"]
[White "Konusoglu, Kemal Safa"]
[Black "Saribiyik, Ziya"]
[Result "1-0"]
[WhiteElo "1545"]
[BlackElo "1617"]
[PlyCount "63"]
[EventDate "2017.07.09"]
[EventType "team-swiss"]
[EventRounds "9"]
[EventCountry "TUR"]
[SourceTitle "CBM 179 Extra"]
[Source "ChessBase"]
[SourceDate "2017.08.23"]
[SourceVersion "1"]
[SourceVersionDate "2017.08.23"]
[SourceQuality "1"]
[WhiteTeam "Koy Hizmetleri Kastamonu"]
[BlackTeam "Marmara Universitesi"]
[WhiteTeamCountry "TUR"]
[BlackTeamCountry "TUR"]

1. d4 Nf6 2. c4 e6 3. Nf3 d5 4. Nc3 Be7 5. Bg5 0-0 6. e3 c6 7. Rc1 h6 8. Bh4 Re8 9. Bd3 dxc4 10. Bxc4 b5 11. Bd3 Bb7 12. 0-0 Nbd7 13. e4 Nb6 14. e5 Nfd5 15. Bxe7 Qxe7 16. Ne4 Nc8 17. Bb1 Rd8 18. Qc2 g6 19. Nc5 Nb4 20. Qe4 a6 21. Nh4 Ra7 22. Rc3 Qg5 23. Rg3 Ne7 24. Rxg5 hxg5 25. Nf3 Bc8 26. Nxg5 Nf5 27. Rd1 Kg7 28. g4 Ne7 29. Qf4 Nbd5 30. Qxf7+ Kh6 31. Nce4 Rh8 32. Rd3 1-0